Proyecto de Expansión de la Universidad Centroamericana
La programación de la expansión de la Universidad Centroamericana, se ha realizado tratando de conjugar los factores primordiales que gobiernan el crecimiento armónico de toda institución.
| Main Author: | |
|---|---|
| Other Authors: | |
| Format: | Tesis Section = Libro |
| Language: | Undetermined Spanish |
| Published: |
Managua
Universidad Nacional Autónoma de Nicaragua (UNAN)
1970
|
| Subjects: |
| LEADER | 00832nam a2200205Ia 4500 | ||
|---|---|---|---|
| 008 | 240830s9999 xx 000 0 und d | ||
| 040 | |a BIBLIOTECA-RUSB/ Mon 727.3 O81 | ||
| 041 | |a spa | ||
| 082 | |a Mon 727.3 O81 | ||
| 100 | 1 | |a Osorio y Terán | |
| 245 | 1 | 0 | |a Proyecto de Expansión de la Universidad Centroamericana |
| 260 | |a Managua |b Universidad Nacional Autónoma de Nicaragua (UNAN) |c 1970 | ||
| 300 | |a 105 p. :il. | ||
| 502 | |a Tesis (Otros) - Universidad Nacional Autónoma de Nicaragua (UNAN), 1970. | ||
| 520 | 3 | |a La programación de la expansión de la Universidad Centroamericana, se ha realizado tratando de conjugar los factores primordiales que gobiernan el crecimiento armónico de toda institución. | |
| 650 | 7 | |a COLEGIOS Y UNIVERSIDADES I | |
| 700 | 1 | |a Tutor: | |
| 942 | |c BK |2 ddc | ||
| 991 | |a TESIS | ||
| 999 | |c 21399 | ||